| 000 | 00349nam a2200145Ia 4500 | ||
|---|---|---|---|
| 008 | 150201s2009 xx 000 0 und d | ||
| 082 |
_a612.015 _bS2009C |
||
| 100 | _aCHAUDHARY,NK | ||
| 245 | _aSYNOPSIS OF BIOCHEMISTRY FOR DENTAL | ||
| 250 | _a1ST | ||
| 260 |
_bAITBS _aDELHI _c2009 |
||
| 300 | _a1-192 | ||
| 650 | _aBIOCHEMISTRY | ||
| 942 |
_2ddc _cBK |
||
| 999 |
_c4537 _d4537 |
||